京浜東北線全駅 - Statistics

General Stats
  • This quiz has been taken 479 times
  • The average score is 41 of 47
Answer Stats
駅番号 % Correct
JK26 東京
97%
JK47 大宮
96%
JK12 横浜
96%
JK30 上野
95%
JK28 秋葉原
95%
JK27 神田
95%
JK20 品川
95%
JK24 新橋
94%
JK43 浦和
93%
JK38 赤羽
93%
JK33 西日暮里
93%
JK32 日暮里
93%
JK29 御徒町
93%
JK25 有楽町
93%
JK31 鶯谷
92%
JK21 高輪ゲートウェイ
92%
JK16 川崎
92%
JK46 さいたま新都心
91%
JK42 南浦和
91%
JK23 浜松町
91%
JK22 田町
91%
JK17 蒲田
91%
JK11 桜木町
90%
JK01 大船
90%
JK13 東神奈川
89%
JK34 田畑
88%
JK44 北浦和
87%
JK39 川口
87%
JK18 大森
87%
JK19 大井町
86%
JK15 鶴見
86%
JK10 関内
84%
JK41
83%
JK45 与野
82%
JK36 王子
82%
JK06 磯子
79%
JK37 東十条
78%
JK40 西川口
77%
JK14 新子安
77%
JK07 根岸
77%
JK03 港南台
74%
JK04 洋光台
72%
JK09 石川町
71%
JK35 上中里
70%
JK08 山手
69%
JK05 新杉田
68%
JK02 本郷台
65%
No matching quizzes found
Score Distribution
Percent of People with Each Score
Percentile by Number Answered
Your Score History
You have not taken this quiz